[Event "Catalao op 1st"]
[Site "Catalao"]
[Date "2019.03.10"]
[Round "5"]
[White "Peixoto Neto, Newton Alves"]
[Black "De Siqueira, Luigy Lira"]
[Result "1/2-1/2"]
[WhiteElo "1800"]
[BlackElo "1767"]
[PlyCount "66"]
[EventDate "2019.02.09"]
[EventType "swiss"]
[EventRounds "5"]
[EventCountry "BRA"]
[SourceTitle "CBM 189 Extra"]
[Source "ChessBase"]
[SourceDate "2019.06.03"]
[SourceVersion "1"]
[SourceVersionDate "2019.06.03"]
[SourceQuality "1"]

1. e4 e5 2. Nf3 Nc6 3. Bb5 a6 4. Ba4 d6 5. c3 Nf6 6. d3 Be7 7. 0-0 b5 8. Bc2 Bg4 9. h3 Bh5 10. Nbd2 0-0 11. Re1 Na5 12. b4 Nc6 13. Nf1 Re8 14. Ng3 Bxf3 15. Qxf3 a5 16. bxa5 Rxa5 17. Be3 d5 18. exd5 Nxd5 19. Bb3 b4 20. Bxd5 Qxd5 21. Qxd5 Rxd5 22. cxb4 Nxb4 23. a3 Nc2 24. Nf5 Bxa3 25. Rxa3 Nxe1 26. Ne7+ Kf8 27. Nxd5 c6 28. Bc5+ Kg8 29. Ne7+ Kh8 30. Nxc6 h6 31. Ra7 Rc8 32. Ra6 Nxd3 33. Be3 Rc7 1/2-1/2